000
00291nam a22001337a 4500
008
170612b xxu||||| |||| 00| 0 eng d
020
_a
18676432270010
041
_a
eng
080
_a
94(7/8)
100
_a
19
101
_a
SHP
245
_a
COMISSION REPORT
_c
KEAN.TH.H
942
_2
udc
_c
BK
999
_c
16846
_d
16846